| 000 | 00555nam a2200145Ia 4500 | ||
|---|---|---|---|
| 008 | 231129s2009||||xx |||||||||||||| ||spa|| | ||
| 020 | _a978-958-8323-33-6 | ||
| 040 | _bspa | ||
| 082 | _aR 910.3 I59n | ||
| 100 | _aInstituto Geográfico Agustín Codazzi | ||
| 245 | 0 | _aNombres Geográficos de Colombia: departamentos y ciudades capitales datos pertinentes del proceso de apropiación y socialización del territorio | |
| 260 | _c2009 | ||
| 264 | _aBogotá Colombia: Imprenta Nacional de Colombia | ||
| 942 |
_2ddc _cBKS |
||
| 999 |
_c21758 _d21758 |
||